| 000 | 00812nam a2200217Ia 4500 | ||
|---|---|---|---|
| 003 | GCL | ||
| 005 | 20240530110128.0 | ||
| 008 | 140319s9999 xx 000 0 ara d | ||
| 040 |
_aGCL / _cGCL |
||
| 082 | 0 | 4 |
_a940.18 _bس ح |
| 100 | 1 | _aسعيد عبدالفتاح عاشور | |
| 245 | 1 | 0 |
_aالحركة الصليبية: صفحة مشرقة فى تاريخ الجهاد العربى فى العصور الوسطى / _cسعيد عبدالفتاح عاشور |
| 260 |
_aالقاهرة : _bمكتبة الانجلوالمصرية ، _c1994 |
||
| 300 |
_a1123 ص ؛ _c25سم |
||
| 650 | 0 | 4 | _aتاريخ |
| 650 | 0 | 4 | _aالحروب الصليبية |
| 650 | 0 | 4 | _aالصليبيون |
| 650 | 0 | 4 | _aالدولة الايوبية |
| 650 | 0 | 4 | _aالصليبية فى فلسطين والشام |
| 942 |
_2ddc _cBK |
||
| 999 |
_c58789 _d58789 |
||